Globální tendence a perspektivy zahraniční zadluženosti

Vývoj problému zahraničnej zadlženosti a jeho kauzalita. Súčasný stav a štrukturálne aspekty zahraničnej zadlženosti. Perspektívy zahraničnej zadlženosti a možné východiská vzhľadom k súčasným prístupom a iniciatívam.

Gespeichert in:
Bibliographische Detailangaben
1. Verfasser: Fárek, Jiří
Format: Buchkapitel
Sprache:Tschechisch
Schlagworte:
Tags: Tag hinzufügen
Keine Tags, Fügen Sie das erste Tag hinzu!

MARC

LEADER 00000naa a2200000 4500
001 r015452
005 20221205090229.6
041 0 |a cze 
044 |a CZ 
245 1 0 |a Globální tendence a perspektivy zahraniční zadluženosti  |c Jiří Fárek 
520 |a Vývoj problému zahraničnej zadlženosti a jeho kauzalita. Súčasný stav a štrukturálne aspekty zahraničnej zadlženosti. Perspektívy zahraničnej zadlženosti a možné východiská vzhľadom k súčasným prístupom a iniciatívam. 
610 2 0 |a zadlženosť zahraničná 
610 2 0 |a krajiny rozvojové 
100 1 |a Fárek, Jiří